000 00346nam a22001457a 4500
003 OSt
005 20220218100858.0
008 220218b |||||||| |||| 00| 0 eng d
020 _a9788120344051
040 _cH U
082 _a660.2815
100 _aBhagade Sudheer S,
_930807
245 _aProcess Dynamics And Control
942 _2ddc
_cBOOKS
_n0
999 _c30762
_d30762